|
|
|
|
| LEADER |
00000nab#a22000007a#4500 |
| 001 |
arbauad004391 |
| 003 |
AR-BaUAD |
| 005 |
20250711110633.0 |
| 008 |
940614|||||||||###||||||b###|0###a|spa|| |
| 040 |
|
|
|a AR-BaUAD
|c AR-BaUAD
|b spa
|
| 245 |
1 |
0 |
|a Repercusion de los trabajos argentinos
|b Bienal de Venecia
|
| 300 |
0 |
|
|b axonom., cortes, il., plantas, vistas
|
| 500 |
|
|
|a Documentación de los trabajos argentinos presentados
|
| 653 |
|
|
|a EXPOSICIONES
|
| 653 |
|
|
|a BIENAL DE VENECIA
|
| 653 |
|
|
|a ARGENTINA
|
| 653 |
|
|
|a ITALIA
|
| 653 |
|
|
|a BIENALES
|
| 653 |
|
|
|a VENECIA
|
| 773 |
0 |
|
|t Revista SCA
|g no. 156 [ene.-feb. 1992], p. 83-113
|
| 942 |
|
|
|c ARTI
|
| 952 |
|
|
|0 0
|1 0
|4 0
|7 0
|9 49311
|a AR-BAuAD
|b AR-BAuAD
|d 2025-07-11
|l 0
|p AAQA004391
|r 2025-07-11 11:06:33
|w 2025-07-11
|y ARTI
|
| 990 |
|
|
|a AQ199
|b TD
|
| 998 |
|
|
|a AAQ
|b BIBUN76
|
| 999 |
|
|
|c 28984
|d 28984
|